Statistiken für Uganda-Quiz

Klicken Sie hier um das Quiz zu spielen!

Allgemein

  • Dieses Quiz wurde 1.492 mal gespielt
  • Das Durchschnittsergebnis liegt bei 11 aus 20

Antwortstatistiken

FrageAntwort% Korrekt
AmtssprachenEnglisch
87%
NachbarländerRuanda
87%
NachbarländerDR Kongo
85%
NachbarländerKenia
85%
Ein Großteil der Fläche von Uganda wird
von diesem afrikanische See bedeckt
Victoriasee
82%
NachbarländerTansania
81%
NachbarländerSüdsudan
77%
Währung (Hinweis: Österreich)Schilling
75%
Hauptstadt von UgandaKampala
72%
Wichtigstes Exportgut (eine Bohne)Kaffee
68%
Längster Fluss durch UgandaNil
55%
Durchschnittsalter der
Bevölkerung Ugandas
16
52%
AmtssprachenSwahili
51%
Brutaler Diktator, der Uganda 1971-79 führteIdi Amin
46%
Vogel auf der FlaggeGrauhals-Kronen{kranich}
34%
Kommandos aus diesem Land retteten 1976 Passagiere eines entführten Flugzeugs, der im obigen Flughafen landeteIsrael
25%
Stadt, bei der Ugandas wichtigster Flughafen liegtEntebbe
22%
Terrorgruppe, die minderjährige Soldaten anstellt{Lord}'s Resistance Army
17%
Höchster Berg, benannt nach einem
britischen Entdecker
Mount Stanley
16%
Führer dieser GruppeJoseph Kony
14%

Verteilung der Resultate

Perzentil nach korrekt beantworteten Fragen

Anzahl Personen mit jedem Resultat

Ihre Resultats-Entwicklung

Sie haben dieses Quiz noch nicht gespielt